German food by picture (clickable) Quiz Stats

 Plays Quiz not verified by Sporcle

Challenge
Share
Tweet
Score 0/25 Timer 10:00
0 Plays Today
% Correct
Sauerkraut
77.4%
Bratwurst
72.5%
Schwarzwälder Kirschtorte
63.4%
Schnitzel
62.7%
Wiener or Frankfurter Würstchen
62.4%
Spätzle
54.7%
Pfannkuchen or Berliner or Krapfen
53%
Stollen
53%
Rouladen
50.5%
Currywurst
50.2%
Kartoffelsalat
49.8%
Lebkuchen
48.8%
Baumkuchen
46%
% Correct
Leberkäse
43.2%
Kartoffelpuffer or Reibekuchen or Reibedatschi
42.5%
Krautroulade or Kohlroulade
42.5%
Frikadelle or Bulette or Fleischpflanzerl
42.2%
Gänsebraten
37.6%
Eintopf
36.2%
Bratkartoffeln
34.8%
Klöße
31.7%
Sauerbraten
31.4%
Rostbraten
28.9%
Knödel
28.2%
Königsberger Klopse
24.7%

You're not logged in!

Compare scores with friends on all Sporcle quizzes.
OR
Log In

You Might Also Like...

Show Comments

Extras

Created Jul 19, 2012ReportNominate
Tags:Food Quiz, German Quiz, Germany

Top Quizzes Today


Score Distribution

Your Account Isn't Verified!

In order to create a playlist on Sporcle, you need to verify the email address you used during registration. Go to your Sporcle Settings to finish the process.

Report this User

Report this user for behavior that violates our Community Guidelines.

Details: